00486 2200193 4500001002100000005001500021008004100036020002200077035001900099041000600118082000800124090001400132100002500146245002900171260004000200300002900240500000600269650001700275INLIS00000000000291220241224112626241224||||||||| | ||| |||| ||  a978-602-99349-1-5 0010-1224002912 a00 a813 a813 FAH h0 aFahd Djibran[et. Al]00aHidup Berawal Dari Mimpi aJakartabKurniaesa Publishingc2012 a232 hlm.; ilus.: 20,5 cm a5 0aKesusastraan